Democracias populares: del bloque soviético al comunismo de las patrias

Saved in:
Bibliografiske detaljer
Hovedforfatter: Nagy, Laszlo (autor)
Format: Bog
Sprog:spansk
Udgivet: Barcelona Aymá 1969
Fag:
Tags: Tilføj Tag
Ingen Tags, Vær først til at tagge denne postø!

MARC

LEADER 00000nam a2200000 a 4500
001 UCS6266
003 CL-VaPUC
008 970917e19690000SP |||||||||||||||||spa|d
082 0 4 |a 320.5  |b NAG  |2 21 
100 |a Nagy, Laszlo  |e autor  |9 391866 
245 1 0 |a Democracias populares: del bloque soviético al comunismo de las patrias 
300 |a 307 p 
942 |c BK 
945 |d 19970917 00:00:00  |a jquezada 
260 |a Barcelona  |b Aymá  |c 1969 
650 0 |a Democracia  |9 255256 
650 0 |a Política y gobierno  |9 255151 
650 0 |a Jurisprudencia  |9 255952 
650 0 |a Guerra Fría   |9 319648 
650 0 |a Comunismo  |9 255588 
651 0 |a Unión Soviética  |9 256769 
583 |a last modification  |c 20170808 04:01:13  |k Rodrigo Vera 
999 |c 262206  |d 262204 
952 |0 0  |1 0  |4 0  |6 320_500000000000000_NAG_1969  |7 0  |8 A  |9 290455  |a BIBHIS  |b BIBHIS  |d 2019-11-19  |i 3350657  |o 320.5 NAG 1969  |p 3350657  |r 2025-01-20  |w 2019-11-19  |y BK  |k HIS